|
|
|
|
| LEADER |
02328nam a2200637 i 4500 |
| 001 |
nkc20243592717 |
| 003 |
CZ PrNK |
| 005 |
20241105114047.0 |
| 007 |
ta |
| 008 |
240305s2023 xr a f 000 0 cze |
| 015 |
|
|
|a cnb003592717
|
| 020 |
|
|
|a 978-80-7416-460-6
|q (brožováno)
|
| 035 |
|
|
|a (OCoLC)1433648448
|
| 040 |
|
|
|a OLA001
|b cze
|e rda
|
| 041 |
0 |
|
|a cze
|b cze
|b eng
|
| 043 |
|
|
|a e-xr---
|
| 045 |
|
|
|a y1y2
|
| 072 |
|
7 |
|a 316.36
|x Manželství a rodina. Sexuální vztahy
|2 Konspekt
|9 18
|
| 080 |
|
|
|a 347.627.2
|2 MRF
|
| 080 |
|
|
|a 364.642
|2 MRF
|
| 080 |
|
|
|a 316.346.32-053.2-058.836.2
|2 MRF
|
| 080 |
|
|
|a 347.63
|2 MRF
|
| 080 |
|
|
|a 316.362.1
|2 MRF
|
| 080 |
|
|
|a 316:303
|2 MRF
|
| 080 |
|
|
|a (437.3)
|2 MRF
|
| 080 |
|
|
|a (048.8)
|2 MRF
|
| 100 |
1 |
|
|a Lehmann, Štěpánka
|7 ola20211116995
|4 aut
|
| 245 |
1 |
0 |
|a Dítě v rodičovském konfliktu.
|n I.,
|p Uspořádání péče o děti po rozchodu rodičů - představy, preference a realita /
|c Štěpánka Lehmann, Jana Barvíková
|
| 246 |
3 |
0 |
|a Uspořádání péče o děti po rozchodu rodičů - představy, preference a realita
|
| 250 |
|
|
|a 1. vydání
|
| 264 |
|
1 |
|a Praha :
|b RILSA,
|c 2023
|
| 300 |
|
|
|a 134 stran :
|b barevné ilustrace ;
|c 30 cm
|
| 336 |
|
|
|a text
|b txt
|2 rdacontent
|
| 337 |
|
|
|a bez média
|b n
|2 rdamedia
|
| 338 |
|
|
|a svazek
|b nc
|2 rdacarrier
|
| 504 |
|
|
|a Obsahuje bibliografii a bibliografické odkazy
|
| 546 |
|
|
|a České a anglické resumé
|
| 648 |
|
4 |
|a 2019-2023
|
| 648 |
|
7 |
|a 2011-2030
|7 ch1138626
|2 czenas
|
| 650 |
0 |
7 |
|a rozvod
|7 ph125274
|2 czenas
|
| 650 |
0 |
7 |
|a děti rozvedených rodičů
|7 ph269093
|2 czenas
|
| 650 |
0 |
7 |
|a péče o děti
|7 ph785275
|2 czenas
|
| 650 |
0 |
7 |
|a sociologický výzkum
|7 ph125750
|z Česko
|y 2011-2030
|2 czenas
|
| 650 |
0 |
9 |
|a divorce
|2 eczenas
|
| 650 |
0 |
9 |
|a children of divorced parents
|2 eczenas
|
| 650 |
0 |
9 |
|a caring for children
|2 eczenas
|
| 650 |
0 |
9 |
|a sociological research
|z Czechia
|y 2011-2030
|2 eczenas
|
| 655 |
|
7 |
|a studie
|7 fd133597
|2 czenas
|
| 655 |
|
9 |
|a studies
|2 eczenas
|
| 700 |
1 |
|
|a Barvíková, Jana,
|d 1975-
|7 jo20231184669
|4 aut
|
| 910 |
2 |
|
|a BOA001
|b 4-1523.098,1
|
| 928 |
9 |
|
|a Výzkumný ústav práce a sociálních věcí
|
| 990 |
|
|
|a BK
|
| 995 |
|
|
|a 01
|
| 991 |
|
|
|b 202403
|c NOV
|
| 996 |
6 |
|
|b 2610964920
|c 4-1523.098,1
|l MZK
|r Sklad / do 1 hodiny
|n 2
|p p.v.
|w 001957903
|u 000010
|a 1
|e BOA001
|j MZK50
|s P
|